| 000 | 02752cam a2200373 a 4500 | ||
|---|---|---|---|
| 999 |
_c26755 _d26755 |
||
| 001 | 15173484 | ||
| 003 | OSt | ||
| 005 | 20170206105312.0 | ||
| 008 | 080208s2008 nyuaf b 001 0beng | ||
| 010 | _a 2008006162 | ||
| 020 | _a9780375414558 | ||
| 020 | _a037541455X | ||
| 035 | _a(OCoLC)ocn192048175 | ||
| 035 | _a(OCoLC)192048175 | ||
| 040 |
_aDLC _cDLC _dBTCTA _dBAKER _dYDXCP _dOCLCG _dJTE _dC#P _dBWX _dOMB _dCDX _dIXA _dDLC |
||
| 043 | _ae-ru--- | ||
| 050 | 0 | 0 |
_aN6999.C46 _bW85 2008 |
| 082 | 0 | 0 |
_a709.2 _aB _222 |
| 100 | 1 | _aWullschläger, Jackie. | |
| 245 | 1 | 0 |
_aChagall : _ba biography / _cJackie Wullschlager. |
| 250 | _a1st ed. | ||
| 260 |
_aNew York : _bAlfred A. Knopf, _c2008. |
||
| 300 |
_axxii, 582 p., [32] p. of plates : _bill. (some col.) ; _c25 cm. |
||
| 504 | _aIncludes bibliographical references (p. [525]-562) and index. | ||
| 505 | 0 | _aPart I. Russia : "My sad and joyful town": Vitebsk, 1887-1900 -- At Pen's: Vitebsk, 1900-1907 -- Forbidden city: St. Petersburg, 1907-1908 -- Thea: Vitebsk and St. Petersburg, 1908-1909 -- Belle: Vitebsk, 1909 -- Léon Bakst: St. Petersburg, 1909-1911 -- "Surnaturel!": Paris, 1911-1912 -- Blaise Cendrars: Paris, 1912-1913 -- "My ferocious genius": Paris, 1913-1914 -- Homecoming: Vitebsk, 1914-1915 -- Married man: Petrograd, 1915-1917 -- Commissar Chagall and Comrade Malevich: Vitebsk, 1917-1920 -- Chagall's box: Moscow, 1920-1922 -- Part II. Exile : Der Sturm: Berlin, 1922-1923 -- Dead souls: Paris, 1923-1924 -- "Lumière-Liberté": Paris, 1924-1927 -- The prophets: Paris, 1928-1933 -- Wandering Jew: Paris, 1934-1937 -- White crucifixion: Paris and Gordes, 1937-1941 -- America: New York, 1941-1944 -- Virginia: New York and High Falls, 1944-1948 -- Return to Europe: Orgeval and Vence, 1948-1952 -- Vava: Vence, 1952-1960 -- Decade of the large wall: Vence and St. Paul, 1960-1970 -- "I was a good artist, wasn't I?": St. Paul, 1971-1985. | |
| 600 | 1 | 0 |
_aChagall, Marc, _d1887-1985. |
| 650 | 0 |
_aArtists _zRussia (Federation) _vBiography. |
|
| 856 | 4 | 1 |
_3Table of contents only _uhttp://www.loc.gov/catdir/toc/ecip0810/2008006162.html |
| 856 | 4 | 2 |
_3Contributor biographical information _uhttp://www.loc.gov/catdir/enhancements/fy0906/2008006162-b.html |
| 856 | 4 | 2 |
_3Publisher description _uhttp://www.loc.gov/catdir/enhancements/fy0906/2008006162-d.html |
| 856 | 4 | 1 |
_3Sample text _uhttp://www.loc.gov/catdir/enhancements/fy0906/2008006162-s.html |
| 906 |
_a7 _bcbc _corignew _d1 _eecip _f20 _gy-gencatlg |
||
| 942 |
_2lcc _cBOOKS _hN 6999 .C46W85 2008 |
||